000 00746cam a2200253 4500
001 sa 68014498
003 DLC
005 20260227112632.0
008 700212s1968 ii c 000 0 eng
010 _asa 68014498
025 _aPL480:I-E-11128
040 _aDLC
_cDLC
_dDLC
050 0 0 _aHC435.2
_b.B65
082 0 0 _a330.954
245 0 4 _aThe Bombay plan & other essays.
260 _aBombay,
_bLalvani Pub. House
_c[1968]
300 _axii, 85 p.
_bport.
_c19 cm.
350 _a4.00
490 1 _aA. D. Shroff memorial lectures, 2
500 _a"Delivered under the auspices of Forum of Free Enterprise."
651 0 _aIndia
_xEconomic policy.
710 2 _aForum of Free Enterprise.
830 0 _aA. D. Schroff memorial lectures,
_v2
999 _c85838
_d85838